Astronomical polarimetry 2008 (Record no. 18330)

MARC details
000 -LEADER
fixed length control field 01072nam a2200265Ia 4500
003 - CONTROL NUMBER IDENTIFIER
control field IN-BaIIA
008 - FIXED-LENGTH DATA ELEMENTS--GENERAL INFORMATION
fixed length control field 211028s9999 xx 000 0 eng d
020 ## - INTERNATIONAL STANDARD BOOK NUMBER
International Standard Book Number 978-1-58381-780-3
040 ## - CATALOGING SOURCE
Transcribing agency IIA Library
080 ## - UNIVERSAL DECIMAL CLASSIFICATION NUMBER
Universal Decimal Classification number 082.2:52
Item number ASP-449
111 ## - MAIN ENTRY--MEETING NAME
Meeting name or jurisdiction name as entry element Astronomical Polarimetry 2008
Location of meeting Quebec, Canada
Date of meeting or treaty signing 2008 July 6-11
9 (RLIN) 35113
245 #0 - TITLE STATEMENT
Title Astronomical polarimetry 2008
Remainder of title science from small to large telescopes; proceedings of a workshop held in Quebec, Canada, July 6-11, 2008
Statement of responsibility, etc. edited by Pierre Bastien…[et al.]
260 ## - PUBLICATION, DISTRIBUTION, ETC.
Place of publication, distribution, etc. San Francisco
Name of publisher, distributor, etc. Astronomical Society of the Pacific
Date of publication, distribution, etc. 2011
300 ## - PHYSICAL DESCRIPTION
Extent xiii, 466p.
490 ## - SERIES STATEMENT
Series statement Astronomical Society of the Pacific conference series; v. 449
650 ## - SUBJECT ADDED ENTRY--TOPICAL TERM
Topical term or geographic name entry element Astronomy - congresses
9 (RLIN) 11249
650 ## - SUBJECT ADDED ENTRY--TOPICAL TERM
Topical term or geographic name entry element Large telescope - congresses
9 (RLIN) 35114
650 ## - SUBJECT ADDED ENTRY--TOPICAL TERM
Topical term or geographic name entry element Polarimetry - congresses
9 (RLIN) 30789
650 ## - SUBJECT ADDED ENTRY--TOPICAL TERM
Topical term or geographic name entry element Small telescope - congresses
9 (RLIN) 35115
700 ## - ADDED ENTRY--PERSONAL NAME
Personal name Bastien, Pierre, ed.
9 (RLIN) 35116
700 ## - ADDED ENTRY--PERSONAL NAME
Personal name Clemens, D. P., ed.
9 (RLIN) 35117
700 ## - ADDED ENTRY--PERSONAL NAME
Personal name Manset, Nadine, ed.
9 (RLIN) 35118
700 ## - ADDED ENTRY--PERSONAL NAME
Personal name St-Louis, Nicole., ed.
9 (RLIN) 22339
942 ## - ADDED ENTRY ELEMENTS (KOHA)
Koha item type Books
952 ## - LOCATION AND ITEM INFORMATION (KOHA)
-- 77.00
Holdings
Withdrawn status Lost status Damaged status Not for loan Home library Current library Shelving location Date acquired Total Checkouts Full call number Barcode Date last seen Price effective from Koha item type
        IIA Library-Bangalore IIA Library-Bangalore General Stacks 23/08/2012   082.2:52/ ASP-449 19252 05/11/2021 23/08/2012 Books

Powered by Koha